| 000 | 01069nam a22002537a 4500 | ||
|---|---|---|---|
| 999 |
_c64806 _d64806 |
||
| 003 | OSt | ||
| 005 | 20240530110752.0 | ||
| 008 | 180926s2018 ua a g b 000 0 ara d | ||
| 017 |
_bمصر. دار الكتب _a2017/16430 |
||
| 020 | _a9789777961165 | ||
| 040 |
_aEG-CaGPL _cEG-CaGPL |
||
| 082 | 0 | 4 |
_221 _a342.068/ _bر ر |
| 100 | 0 | _aرائد نعيم رجب العشى | |
| 245 | 1 | 2 |
_aالرقابة القضائية على القرارات الادارية المتعلقة بترقية الموظف العام : _bدراسة تحليلية للقوانين والانظمة / _cرائد نعيم رجب العشى |
| 250 | _aط. 1 | ||
| 260 |
_aالقاهرة : _bمركز الدراسات العربية للنشر والتوزيع ، _c2018 . |
||
| 300 |
_a287 ص. : _bايض ؛ _c24 سم. |
||
| 504 | _aيشتمل على ارجاعات ببليوجرافية | ||
| 650 | 0 | 7 |
_aالقانون الادارى _2qrmak |
| 650 | 0 | 7 |
_aالموظفون _2qrmak _xترقية |
| 651 | _2qrmak | ||
| 942 |
_2ddc _cBK |
||